000 00516nam a2200181 i 4500
001 52710
003 ES-MaACL
005 20230906162631.0
007 t|
008 030903s1973 sp ||||1| spa d
100 1 _aBono, Edward de.
_930287
245 1 3 _aLa práctica de pensar /
_cEdward de Bono ; [traducción, Rolando Hanglin].
250 _a[1ª ed.].
260 _aBarcelona :
_bKaizos,
_c[1973]
300 _a207 p. ;
_c21 cm.
700 1 _aHanglin, Rolando.
_961726
852 _aES-MaACL
_jC-52005
_bR.85156
999 _c52710
_d52710